000 00649nam a2200241Ia 4500
003 OSt
005 20221007081342.0
006 a|||||r|||| 00| 0
007 ta
008 221006b |||||||| |||| 00| 0 eng d
020 _a9780198706854
024 _a45,452
037 _cTextual
040 _aFLL
_cFLL
_beng
041 _2eng
_aeng
082 _aY15:3(V1:912), Q4
100 _aADAMS Jad
245 0 _aWomen and the vote
_b a world history
260 _aNew York
_bOxford University Press USA
_c2014
300 _ax,516p.
_ccm.
942 _hY15:3(V1:912), Q4
_cTEXL
_2CC
999 _c1162803
_d1162803